000 00588nam a2200229Ia 4500
003 OSt
005 20221005123741.0
006 a|||||r|||| 00| 0
007 ta
008 221004b |||||||| |||| 00| 0 eng d
024 _a58477
037 _cTextual
040 _aCRL
_cCRL
_beng
041 _2eng
_aeng
082 _aV2:25xM69w, H01
100 _aDesai Kanu
_9634167
245 0 _aMahatma Gandhi
_b Sketches in pen pencil and brush.
260 _c1940
650 _aHISTORY
942 _hV2:25xM69w, H01
_cTEXL
_2cc
999 _c1048365
_d1048365